Central Library OPAC University of Rajshahi

Population and society in India / (Record no. 34193)

MARC details
000 -LEADER
fixed length control field 00755nam a2200253 i 4500
001 - CONTROL NUMBER
control field 34193
003 - CONTROL NUMBER IDENTIFIER
rucl marc code BD-RjUL
005 - DATE AND TIME OF LATEST TRANSACTION
control field 20211209052124.0
008 - FIXED-LENGTH DATA ELEMENTS--GENERAL INFORMATION
fixed length control field 140514t1975 ii b 001 0 eng d
035 ## - SYSTEM CONTROL NUMBER
System control number (BD-RjUL)34287
040 ## - CATALOGING SOURCE
Original cataloging agency DLC
Transcribing agency DLC
Modifying agency DLC
-- BD-RjUL
Language of cataloging eng
041 ## - LANGUAGE CODE
Language code of text/sound track or separate title eng
082 00 - DEWEY DECIMAL CLASSIFICATION NUMBER
Classification number 301.32954
Author mark and year KUP 1975
100 1# - MAIN ENTRY--PERSONAL NAME
Personal name Kuppuswamy, Bangalore.
9 (RLIN) 101973
245 10 - TITLE STATEMENT
Title Population and society in India /
Statement of responsibility, etc. B. Kuppuswamy.
260 ## - PUBLICATION, DISTRIBUTION, ETC. (IMPRINT)
Place of publication, distribution, etc. Bombay :
Name of publisher, distributor, etc. Popular Prakashan,
Date of publication, distribution, etc. 1975.
300 ## - PHYSICAL DESCRIPTION
Pagination vii, 136 p. ;
Size 23 cm.
504 ## - BIBLIOGRAPHY, ETC. NOTE
Bibliography, etc Includes bibliogaphical reference and index.
650 #0 - SUBJECT ADDED ENTRY--TOPICAL TERM
Topical term or geographic name as entry element Cost and standard of living
Geographic subdivision India.
9 (RLIN) 103951
651 #0 - SUBJECT ADDED ENTRY--GEOGRAPHIC NAME
Geographic name India
General subdivision Population.
9 (RLIN) 103952
942 ## - ADDED ENTRY ELEMENTS (KOHA)
Source of classification or shelving scheme Dewey Decimal Classification
Koha item type Books
Holdings
Lost status Source of classification or shelving scheme Damaged status Not for loan Collection code Permanent Location Current Location Shelving location Date acquired Source of acquisition Cost, normal purchase price Total Checkouts Full call number Date last seen Copy number Koha item type
  Dewey Decimal Classification     Non-fiction Central Library, University of Rajshahi Central Library, University of Rajshahi Reading Room 27/09/1978 India int cal 28.00   301.32954 KUP 1975 14/05/2014 C-1 Books